=LDR 00000nam 2200000 4500 =001 INLIS000000000020015 =005 20130612115019 =008 ***********************************Ind** =035 ##$$0010-061300000020015 =041 ##$$a Ind =082 ##$$a 2x1.19 =090 ##$$a 2x1.19, Aza s =100 ##$$a Al-A'zami, M.M =245 ##$$a Sejarah teks al-qur'an dari wahyu samapi kompilasi, M.M Al-A'Zami ; penerjemah, Solihin =260 ##$$a 2005 $b Jakarta =300 ##$$a xxxviii, 414 hlm, 24 cm =650 ##$$a Al-Quran-sejarah =850 ##$$a NBPNMAT